Prolina livre e flavonoides totais de Lippia origanoides submetidos a níveis de saturação por base e estresse hídrico (Registro n. 341200)
[ somente texto ]
| 000 -LÍDER | |
|---|---|
| fixed length control field | 04115nab a2200301 i 4500 |
| 003 - CÓDIGO MARC DA AGÊNCIA CATALOGADORA | |
| Campo de controle | BR-BrBNA |
| 005 - DATA E HORA DA ÚLTIMA ATUALIZAÇÃO | |
| Campo de controle | 20260401163558.0 |
| 008 - CAMPO DE TAMANHO FIXO | |
| fixed length control field | 260401b2019 bl.qr|pooa||| 00| 0 por | |
| 040 ## - FONTE DA CATALOGAÇÃO | |
| Agência catalogadora | BR-BrBNA |
| Idioma da catalogação | por |
| 072 ## - CATEGORIA AGRIS | |
| Código AGRIS | F60 |
| Código do objeto | 2790 |
| 100 ## - ENTRADA PRINCIPAL - NOME PESSOAL | |
| Nome pessoal | Meira, Messulan Rodrigues |
| 100 ## - ENTRADA PRINCIPAL - NOME PESSOAL | |
| Nome pessoal | Martins , Ernane Ronie |
| 100 ## - ENTRADA PRINCIPAL - NOME PESSOAL | |
| Nome pessoal | Alvarenga, Ivan Caldeira Almeida |
| 245 ## - TÍTULO PRINCIPAL | |
| Título principal | Prolina livre e flavonoides totais de Lippia origanoides submetidos a níveis de saturação por base e estresse hídrico |
| 500 ## - NOTA GERAL | |
| Nota geral | <br/><br/>Publicação online; 24 ref.; 3 illus.; Summaries (En, Pt) |
| 942 ## - ADDED ENTRY ELEMENTS (KOHA) | |
| Koha item type | Analítica |
| 520 ## - NOTA DE RESUMO | |
| Nota de conteúdo | <br/><br/><br/>RESUMO: Objetivou-se avaliar o comportamento dos acessos de alecrim-pimenta (Lippia origanoides) em diferentes níveis de saturação por base e estresse hídrico a partir dos teores de prolina livre, flavonoides totais e acúmulo de silício. O experimento consistiu de cinco acessos submetidos a níveis de saturação por base com agrossilício (0,92; 2,47; 4,0; 5,55 e 7,09 g de Si), cujas avaliações foram feitas durante a irrigação diaria e sob suspensão hídrica de 10 dias. A prolina foi obtida por meio de ácido sulfosalicílio e ninhidrina ácida, o flavonoide foi a partir de extrato metanólico e cloreto de alumínio e o silício por meio de azul-de-molibdênio. As absorbâncias foram registradas em 520 nm para a prolina, 425 nm para flavonoides e 660 nm para silício. Os resultados foram submetidos à análise de variância e de regressão a 5 % de significância. A melhor saturação por bases entre os acessos variou entre 20 a 50%. Os acessos ICA-3 e ICA-4 foram os que apresentaram a melhor produção para as duas variáveis, com capacidade de acumular até ±3,0 μmol g-1 de prolina livre na matéria fresca e até ±250 mg RE g-1 de flavonoide na matéria seca. O acesso ICA-3 apresentou maior acúmulo de silício nas folhas. Assim, a adição de 2,17 t ha-1 de agrossilício em cultivo de Lippia origanoides, favorece a produção de metabolitos secundários sob estresse hídrico. <br/><br/><br/><br/>Palavras-chave: agrossilício; alecrim-pimenta; metabólito secundário; planta medicinal |
| 520 ## - NOTA DE RESUMO | |
| Nota de conteúdo | <br/><br/><br/>ABSTRACT: We aimed to evaluate the behavior of the accesses of rosemary pepper (Lippia origanoides) at different levels of saturation and water stress from the level of free proline, total flavonoids and silicon accumulation. The experiment consisted of accesses submitted to saturation levels with agrosilicon (0.92; 2.47; 4.0; 5.55 e 7.09 g of Si) which were evaluated during daily irrigation and after 10 days of water suspension. The amount of proline was obtained by means of sulfosalicilic acid and acid ninhydrin, the flavonoid contents was obtained by means of metanolic extract and aluminum chloride and the silicon contents by means of molybdenum blue. The absorbances were recorded at 520 nm for proline, 425 nm for flavonoid and 660 nm for silicon. The results were submitted to analysis of variance and regression. The best dose response of silicon between the accesses was of 20 to 50 %. The ICA-3 and ICA-4were those that presented the best production for the two variables, with a capacity to accumulate up to ± 3.0 μmol g-1 of the proline in fresh matter and up to ± 250 RE g-1 of flavonoids content in dry mass. ICA-3 access presented better silicon accumulation in leaves. Thus, the addition of 2.17 t ha-1 of agrosilicic in cultivation of Lippia origanoides favors the production of secondary metabolites under water stress. <br/><br/><br/><br/>Key words: agrosilicon; rosemary pepper; secondary metabolite; medicinal plant |
| 650 ## - ASSUNTO - THESAGRO | |
| Cabeçalho tópico ou nome geográfico | PLANTA MEDICINAL |
| 650 ## - ASSUNTO - THESAGRO | |
| Cabeçalho tópico ou nome geográfico | DEFICIÊNCIA HÍDRICA |
| 650 ## - ASSUNTO - THESAGRO | |
| Cabeçalho tópico ou nome geográfico | BIOQUÍMICA |
| 650 ## - ASSUNTO - THESAGRO | |
| Cabeçalho tópico ou nome geográfico | PROLINA |
| 650 ## - ASSUNTO - THESAGRO | |
| Cabeçalho tópico ou nome geográfico | FLAVONOIDE |
| 650 ## - ASSUNTO - THESAGRO | |
| Cabeçalho tópico ou nome geográfico | FISIOLOGIA VEGETAL |
| 773 0# - ENTRADA ANALÍTICA | |
| Host Biblionumber | 4656 |
| Registro do item | 361383 |
| Imprenta | Recife-PE Universidade Federal Rural de Pernambuco 2006 |
| Outro identificador | 2026-1392 |
| Título | Revista Brasileira de Ciências Agrárias (Brazil) |
| ISSN | 1981-1160 |
| Colação | v. 14(2) p. 1-9; (2019) |
| Número de controle de registro | BR2026000067 |
| 856 ## - ACESSO E ENDEREÇO ELETRÔNICO | |
| Identificador uniforme de recurso - URI | http://www.agraria.pro.br/ojs32/index.php/RBCA/article/view/v14i2a5652/228 |
Nenhum exemplar disponível.

BINAGRI